UBT Library

YEAR BOOK VASCULAR SURGERY (Record no. 6155)

000 -LEADER
fixed length control field 00279nam a22001217a 4500
008 - FIXED-LENGTH DATA ELEMENTS--GENERAL INFORMATION
fixed length control field 170223b xxu||||| |||| 00| 0 eng d
041 ## - LANGUAGE CODE
Language code of text/sound track or separate title eng
080 ## - UNIVERSAL DECIMAL CLASSIFICATION NUMBER
Edition identifier 9780323088978
Universal Decimal Classification number 617
100 ## - Rafti
Rafti 5
101 ## - Shkurtesa
Shkurtesa SHK
245 ## - TITLE STATEMENT
Title YEAR BOOK VASCULAR SURGERY
Statement of responsibility, etc MONETA.G.L
942 ## - ADDED ENTRY ELEMENTS (KOHA)
Source of classification or shelving scheme
Item type Books
Holdings
Withdrawn status Lost status Source of classification or shelving scheme Damaged status Not for loan Collection code Permanent location Current location Shelving location Date acquired Total Checkouts Full call number Barcode Date last seen Price effective from Koha item type
          Koleksioni i përgjithshem UBT - Lipjan UBT - Lipjan Koleksioni i përgjithshem 02/23/2017   817 MON 002-039889 02/23/2017 02/23/2017 Books
UBT Library © 2015-2024. All rights reserved University Education for Business and Technology